000 00427nam a2200181Ia 4500
003 OSt
005 20250819110902.0
008 250729s2005 xx 000 0 und d
040 _cAL
041 _aeng
082 _a370 SHUD
100 _aMohamed Jaffer
_9221452
245 _aDevelopment psychology
260 _aNew Delhi
_bA P H Publishing
_c2005
300 _a244p
650 _aEducation
_9221453
942 _2ddc
_cBED
999 _c235018
_d235018